000 01319nam a2200373 i 4500
999 _c49987
_d49987
001 49987
003 ES-MaCES
005 20250526142655.0
007 cr |||||||||||
008 171002s2017 sp l 000 ||spa d
017 _aNA 1858-2017
_bDL
020 _a9788491529026
040 _aES-MaCES
_bspa
_cES-MaCES
110 1 _aEspaña
_tLeyes, etc., laborales
_93134
245 1 0 _aLeyes del trabajo
_cintroducción, selección, índices y notas, Alfredo Montoya Melgar
250 _a11ª ed
260 _aCizur Menor (Navarra)
_bCivitas-Thomson Reuters
_c2017
300 _a502 p.
_c21 cm
490 1 _aBiblioteca de legislación
_v58. Textos legales anotados
500 _aÍndices
500 _aDisponible en formato electrónico mediante la aplicación PROVIEW
541 _cCompra
650 4 _alegislación del trabajo
_927166
650 4 _aEspaña
_926964
650 4 _atexto
_929624
653 1 0 _aLegislación
700 1 _aMontoya Melgar, Alfredo
_eed. lit.
_918942
775 0 _tLeyes del trabajo
_w(ES-MaCES)47763
830 0 _aBiblioteca de legislación
_v58
_932132
830 0 _aBiblioteca de legislación
_pTextos legales anotados
_934145
856 4 _uhttps://legalteca.aranzadilaley.es/my-library?sponsor=82111144-IP
_yLegalteca
902 _aLIB Libro
942 _2CES
_cBK
_h6.1.